000 00339nam a2200133Ia 4500
003 GCL
008 140319s9999 xx 000 0 ara d
040 _aGCL /
_cGCL
082 0 4 _a291.1
_bم ش
245 1 0 _aشبهات حول الاسلام
260 _a[S.N] :
_b2000 للثقافة والنشر ،
_c1992
300 _a223 ص
490 _a
999 _c32496
_d32496